Responses for Show #5328 - Wednesday, November 7, 2007

2007 Tournament of Champions quarterfinal game 3.

Contestants

[<< previous game]

Jeff Spoeri, a university administrator from Boynton Beach, Florida

Susan Mitchell, a chemical engineer from Houston, Texas

Paul Glaser, a research scientist from Albany, New York

[next game >>]

Jeopardy! Round responses

U.S. MOUNTAINS
SPORTS
BLOGS OF THE NEW YORK TIMES
TRADITIONAL ANNIVERSARY GIFTS
OLD TESTAMENT NAMES
THE "L" YOU SAY
    $200 10
Pike's Peak

Paul
    $200 19
the pole vault

Jeff
    $200 24
chess

Jeff
    $200 12
leather

Paul
    $200 5
Jonah

Paul
    $200 1
Liverpool

Paul
    $400 14
(Paul: What is Mauna Kea?)

Mauna Loa

PaulSusan
    $400 20
Stanford

Jeff
    $400 25
bats

Susan
    $400 13
diamond

Jeff
    $400 6
Ruth

Susan
    $400 2
the Louvre

Paul
    $600 15
the Cascades

Susan
    $600 21
Emmitt Smith

Jeff
    $600 28
The Runway

Paul
    $600 18
pearls

Jeff
    $1,200 7
Isaac

Susan
    $600 3
a licorice stick

Paul
    $800 16
Georgia

Jeff
    $800 22
Sorenstam

Jeff
    $800 29
(Susan: What is punnit?)
(Alex: Say it...)
(Susan: Pun-its? Pund-ints?)

pundits

SusanJeff
    $800 26
(Susan: What is gold?)

emeralds

SusanJeff
    $800 8
Delilah

Triple Stumper
    $800 4
(Jeff: What is Lehua?)

Lanai

SusanJeff
    $1000 17
Mt. Wilson

Paul
    $1000 23
Saratoga

Paul
    $1000 30
Freakonomics

Paul
    $1000 27
(Paul: What is Savorski?)

Swarovski

PaulJeff
    $1000 9
Reuben

Susan
    $1000 11
lurid

Paul

Scores at the first commercial break (after clue 16):

Paul Susan Jeff
$2,400 $4,400 $400

Scores at the end of the Jeopardy! Round:

Paul Susan Jeff
$5,000 $3,200 $5,800

Double Jeopardy! Round responses

INSIDE THE ARTIST'S STUDIO
(Alex: ...but with a bit of a twist: you have to identify the artist being interviewed by James Lipton.)
THE SUNNY SIDE OF THE STREEP
MIND MY WORDS
THE STORY SFORZA
TRAIN TIMETABLES
KNOWLEDGE OF FONTS
    $400 17
Chagall

Susan
    $400 26
A Prairie Home Companion

Triple Stumper
    $400 8
Aesop

Susan
    $400 16
Milan

Susan
    $400 1
Berlin

Susan
    $400 3
cursive

Triple Stumper
    $3,000 18
(Francisco) Goya

Susan
    $800 27
Jim Carrey

Paul
    $800 12
Elizabeth I

Paul
    $800 22
da Vinci

Paul
    $800 2
Moscow

Paul
    $800 4
Gothic fonts

Paul
    $1200 19
(Alex: [Before recognizing Paul] Sorry, I couldn't resist doing one, too.)

Jackson Pollock

Paul
    $1200 28
King of the Hill

Jeff
    $3,400 13
Hippocrates

Paul
    $1200 23
(Jeff: What is Viscount?)

Duke (of Milan)

Jeff
Triple Stumper
    $1200 9
Penn Station

Paul
    $1200 5
Helvetica

Paul
    $1600 20
(Jeff: Who is Michelangelo?)

Raphael

SusanJeff
    $1600 29
Postcards from the Edge

Paul
    $1600 14
(Julius) Caesar

Susan
    $1600 24
Mussolini

Paul
    $1600 10
Wales

Paul
    $1600 6
Wingdings

Jeff
    $2000 21
(Thomas Hart) Benton

Susan
    $2000 30
Defending Your Life

Paul
    $2000 15
(Karl) Marx

Jeff
    $2000 25
the Hapsburgs

Susan
    $2000 11
India

Paul
    $2000 7
Bodoni

Triple Stumper

Scores at the end of the Double Jeopardy! Round:

Paul Susan Jeff
$24,800 $15,000 $7,800

Final Jeopardy! Round responses

EARLY AMERICAN SHORT STORIES
JeffWhat is The Legend of Sleepy Hollow?
$4,200
SusanWhat is The Open Boat?
$2,800
PaulWhat is ?
$5,201
"The Legend of Sleepy Hollow"

Final scores:

Paul Susan Jeff
$19,599 $12,200 $12,000
Automatic semifinalist 2nd place: $5,000 + the Jeopardy! DVD Home Game System if eliminated 3rd place: $5,000 + the Jeopardy! DVD Home Game System if eliminated

Game dynamics:

Coryat scores:

Paul Susan Jeff
$22,600 $12,200 $7,800
25 R
(including 1 DD),
2 W
16 R
(including 2 DDs),
2 W
14 R,
3 W

Combined Coryat: $42,600

[game clues] [game scores] [suggest correction]

Game tape date: 2007-10-09
The J! Archive is created by fans, for fans. Scraping, republication, monetization, and malicious use prohibited; this site may use cookies and collect identifying information. See terms. The Jeopardy! game show and all elements thereof, including but not limited to copyright and trademark thereto, are the property of Jeopardy Productions, Inc. and are protected under law. This website is not affiliated with, sponsored by, or operated by Jeopardy Productions, Inc. Join the discussion at JBoard.tv.